000 00539nam a2200205 a 4500
005 20260322212054.0
008 data
020 _a9780785166658
099 _aGillek
100 1 _aGillen, Kieron
245 1 0 _aIron Man :
_bVol. 1 ; Believe
_cKieron Gillen, Greg Land & Jay Leisten.
260 _aNew York, NY :
_bMarvel Entertainment LLC,
_c2014.
300 _aN.P. ;
_bcm.
650 0 _aComic books, strips, etc
650 0 _aGraphic novels
650 0 _aScience fiction
700 1 _aLand, Greg
700 1 _aLeisten, Jay
001 data
999 _c1293
_d1293